000 01108cab a2200313 4500
001 ABS47892
008 090401t1992 xxu||||| |||| 00| 0 eng d
035 _a(Sirsi) u63923
041 _aeng
245 _aVOB Part A DIN 1960 - General provisions relating to the award of contracts for construction works
260 _c1992
350 _a0
490 _aKonstrukt Germany
_v1(6) November /December 1992, 11-18 (8)
520 _aContinues the reproduction of VOB Part A from para17. An abridged paper follows on specification according to para9 VOB/A, looking at the impact of EC Directives on the content of the German documentation. See also ABS47718.
650 _aAWARD OF CONTRACTS
650 _aBUILT ENVIRONMENT-BUILDING CONTRACT FORMS
650 _aCONSTRUCTION PRODUCT DIRECTIVES
650 _aDIN
650 _aEC DIRECTIVES
650 _aGERMANY
650 _aSPECIFICATION
650 _aSTANDARDISATION
650 _aTENDERING
650 _aVOB
690 _aBUILT ENVIRONMENT-BUILDING CONTRACT FORMS
690 _aOVERSEAS-EUROPE
942 _n0
948 _c04/03/1997
999 _c39776
_d39776